Techniques of microbiology / (Record no. 51545)

MARC details
000 -LEADER
fixed length control field 00710nam a2200265Ia 4500
005 - DATE AND TIME OF LATEST TRANSACTION
control field 20260429111937.0
008 - FIXED-LENGTH DATA ELEMENTS--GENERAL INFORMATION
fixed length control field 260429s9999||||xx |||||||||||||| ||und||
020 ## - INTERNATIONAL STANDARD BOOK NUMBER
International Standard Book Number 9789391063252
041 ## - LANGUAGE CODE
Language English
082 ## - DEWEY DECIMAL CLASSIFICATION NUMBER
Classification number 576
Item number SEN
100 ## - MAIN ENTRY--PERSONAL NAME
Personal name Sengar, R. S.
245 #0 - TITLE STATEMENT
Title Techniques of microbiology /
Statement of responsibility, etc R. S. Sengar
250 ## - EDITION STATEMENT
Edition statement 1st ed.
260 ## - PUBLICATION, DISTRIBUTION, ETC. (IMPRINT)
Place of publication, distribution, etc New Delhi :
Name of publisher, distributor, etc Narendra Publishing House,
Date of publication, distribution, etc 2024.
300 ## - PHYSICAL DESCRIPTION
Extent xxiii, 303 p.; hb
650 ## - SUBJECT ADDED ENTRY--TOPICAL TERM
Topical term or geographic name as entry element Biotechnology
650 ## - SUBJECT ADDED ENTRY--TOPICAL TERM
Topical term or geographic name as entry element Laboratory methods
650 ## - SUBJECT ADDED ENTRY--TOPICAL TERM
Topical term or geographic name as entry element Microbial techniques
650 ## - SUBJECT ADDED ENTRY--TOPICAL TERM
Topical term or geographic name as entry element Microbiology
700 ## - ADDED ENTRY--PERSONAL NAME
Personal name Chaudhary, Reshu
700 ## - ADDED ENTRY--PERSONAL NAME
Personal name Gupta, Shalini
700 ## - ADDED ENTRY--PERSONAL NAME
Personal name Katoch, Shailja
700 ## - ADDED ENTRY--PERSONAL NAME
Personal name Rani, Varsha
942 ## - ADDED ENTRY ELEMENTS (KOHA)
Koha item type Text Books
Holdings
Withdrawn status Lost status Damaged status Not for loan Collection code Home library Location Shelving location Date of Cataloging Source of acquisition Total Checkouts Full call number Barcode Date last seen Price effective from Koha item type
        Non-fiction CUTN Central Library CUTN Central Library Sciences 29/04/2026 T R Publications, Chennai - Invoice No. TRPHO/2025/CRB/185 on 09-02-2026   576 SEN 56568 29/04/2026 29/04/2026 Text Books